El otro montaje : (Record no. 126675)
[ view plain ]
| 000 -LEADER | |
|---|---|
| campo de control de longitud fija | 00803 a2200217 4500 |
| 003 - IDENTIFICADOR DE NÚMERO DE CONTROL | |
| campo de control | BJBSDDR |
| 005 - FECHA Y HORA DE LA ÚLTIMA TRANSACCIÓN | |
| campo de control | 20260323132202.0 |
| 007 - CAMPO FIJO DE DESCRIPCIÓN FÍSICA--INFORMACIÓN GENERAL | |
| campo de control de longitud fija | ta |
| 008 - DATOS DE LONGITUD FIJA--INFORMACIÓN GENERAL | |
| campo de control de longitud fija | 260323b2018 sp ||||| |||| 00| 0 spa d |
| 020 ## - NÚMERO INTERNACIONAL ESTÁNDAR DEL LIBRO | |
| Número Internacional Estándar del Libro | 9789569203572 |
| 040 ## - FUENTE DE CATALOGACIÓN | |
| Lengua de catalogación | spa |
| Centro/agencia transcriptor | BJBSDDR |
| 041 ## - CÓDIGO DE IDIOMA | |
| Código de lengua del texto/banda sonora o título independiente | sp |
| 050 ## - SIGNATURA TOPOGRÁFICA DE LA BIBLIOTECA DEL CONGRESO | |
| Número de ítem | D687 2018 |
| 100 1# - ENTRADA PRINCIPAL--NOMBRE DE PERSONA | |
| Nombre de persona | Donoso, Coti |
| 9 (RLIN) | 47649 |
| 245 ## - MENCIÓN DEL TÍTULO | |
| Título | El otro montaje : |
| Resto del título | reflexiones en torno al montaje documental / |
| 260 ## - PUBLICACIÓN, DISTRIBUCIÓN, ETC. | |
| Lugar de publicación, distribución, etc. | Chile : |
| Nombre del editor, distribuidor, etc. | La Pollera Ediciones ; |
| Fecha de publicación, distribución, etc. | 2018 . |
| 300 ## - DESCRIPCIÓN FÍSICA | |
| Extensión | 334 pages : |
| Otras características físicas | illutrations ; |
| Dimensiones | 21 cm . |
| 520 ## - RESUMEN, ETC. | |
| Sumario, etc. | Mara̕ Isabel Donoso es Comunicadora Audiovisual y Psicl̤oga. A lo largo de su carrera se ha especializado en el montaje documental, oficio que desempeą desde 1996 y que la ha llevado a trabajar con reconocidos directores chilenos. |
| 942 ## - ELEMENTOS DE ENTRADA SECUNDARIOS (KOHA) | |
| Fuente del sistema de clasificación o colocación | Clasificación de Library of Congress |
| Tipo de ítem Koha | Libro |
| Suprimir en OPAC | No |
| 946 ## - PROCESAMIENTO DE INFORMACIÓN LOCAL (OCLC) | |
| Iniciales del agente catalogador | sba |
| Estatus retirado | Estado de pérdida | Fuente del sistema de clasificación o colocación | Estado de daño | No para préstamo | Colección | Biblioteca de origen | Biblioteca actual | Ubicación en estantería | Fecha de adquisición | Signatura topográfica completa | Código de barras | Visto por última vez | Copia número | Tipo de ítem Koha |
|---|---|---|---|---|---|---|---|---|---|---|---|---|---|---|
| Clasificación de Library of Congress | Automatización y Procesos Técnicos | Biblioteca Juan Bosch | Biblioteca Juan Bosch | Automatización y Procesos Técnicos (1er. Piso) | 23/03/2026 | D687 2018 | 00000191735 | 23/03/2026 | 1 | Libro |
